Normal view
MARC view
- Hanif, Sadia (NUST201590311PCES9215F)
Entry Personal Name
001 - CONTROL NUMBER
- control field: 118426
003 - CONTROL NUMBER IDENTIFIER
- control field: NUST
005 - DATE AND TIME OF LATEST TRANSACTION
- control field: 20231009112712.0
008 - FIXED-LENGTH DATA ELEMENTS
- fixed length control field: 231009|| aca||aabn | a|a d
040 ## - CATALOGING SOURCE
- Original cataloging agency: NUST
- Transcribing agency: NUST
100 ## - HEADING--PERSONAL NAME
- Personal name: Hanif, Sadia (NUST201590311PCES9215F)
670 ## - SOURCE DATA FOUND
- Source citation: Work cat.: (NUST)601678: Hanif, Sadia (NUST201590311PCES9215F), BI-Metallic ZIF Derived Electrocatalyst for Fuel Cell /, 2020
